000 00415nam a2200169Ia 4500
008 230524s9999 xx 000 0 und d
020 _a0070532362
082 _a4.62
_bGOV
100 _aB.Govindarajalu
_910345
245 0 _aComputer Architecture And Organisation
250 _a1ST
260 _aNEW DELHI
_bTMH
_c2005
300 _aXX;689
500 _aQuantity Number: 22
650 _aComp-Sc
942 _cBK
999 _c28799
_d28799